000 00419pab a2200169 454500
008 180718b2000 xxu||||| |||| 00| 0 eng d
100 _aSrinivasan, G.
245 _aRBI's monetary and credit policy for 2000-01: cautious optimism
260 _c2000
300 _ap.7-9
362 _aJul
650 _aReserve Bank of India
650 _aCredit
650 _aMonetary policy
773 _aYojana
909 _a45229
999 _c45229
_d45229